<?xml version="1.0" encoding="UTF-8"?><?xml-stylesheet type="text/xsl" href="static/style.xsl"?><OAI-PMH xmlns="http://www.openarchives.org/OAI/2.0/" xmlns:xsi="http://www.w3.org/2001/XMLSchema-instance" xsi:schemaLocation="http://www.openarchives.org/OAI/2.0/ http://www.openarchives.org/OAI/2.0/OAI-PMH.xsd"><responseDate>2026-06-01T12:18:01Z</responseDate><request verb="GetRecord" identifier="oai:riuma.uma.es:10630/14336" metadataPrefix="marc">https://riuma.uma.es/rest/oai/request</request><GetRecord><record><header><identifier>oai:riuma.uma.es:10630/14336</identifier><datestamp>2026-02-03T10:24:15Z</datestamp><setSpec>com_10630_1685</setSpec><setSpec>col_10630_38055</setSpec></header><metadata><record xmlns="http://www.loc.gov/MARC21/slim" xmlns:dcterms="http://purl.org/dc/terms/" xmlns:doc="http://www.lyncode.com/xoai" xmlns:xsi="http://www.w3.org/2001/XMLSchema-instance" xsi:schemaLocation="http://www.loc.gov/MARC21/slim http://www.loc.gov/standards/marcxml/schema/MARC21slim.xsd">
   <leader>00925njm 22002777a 4500</leader>
   <datafield ind2=" " ind1=" " tag="042">
      <subfield code="a">dc</subfield>
   </datafield>
   <datafield ind2=" " ind1=" " tag="720">
      <subfield code="a">De la Rosa García, María Victoria</subfield>
      <subfield code="e">author</subfield>
   </datafield>
   <datafield ind2=" " ind1=" " tag="260">
      <subfield code="c">2017-07-24</subfield>
   </datafield>
   <datafield ind2=" " ind1=" " tag="520">
      <subfield code="a">El presente proyecto instalativo: Testimonios, expone la investigación teórica y plástica como Trabajo Fin de Grado para la Facultad de Bellas Artes de Málaga.&#xd;
Partimos del problema de la explotación y abuso infantil, una realidad que afecta a niños y niñas de todo el mundo, utilizados por el adulto en beneficio propio. Pretendemos realizar una interpretación a través de la antítesis, en las representaciones infantiles claramente ingenuas e inocentes en contraposición al contenido violento de las mismas.&#xd;
A través de la recopilación de distintos testimonios de niños que han sufrido explotación o maltrato, se realiza una interpretación de estos a través del dibujo y elementos de la niñez. Quedan reflejadas las vivencias de los niños, donde la acción del adulto es plasmada en ellos de una forma sutil e igualmente abrupta.&#xd;
Así, este trabajo toma como referencias artísticas, entre otros, a Yoshitomo Nara, Mark Ryden o Edward Gorey.&#xd;
El proyecto cuenta con tres piezas: dos series y una pieza individual. Todas ellas tienen el fin de establecer una unión entre dos mundo tan distantes como la inocencia y la violencia de manera delicada y atractiva.</subfield>
   </datafield>
   <datafield ind1="8" ind2=" " tag="024">
      <subfield code="a">http://hdl.handle.net/10630/14336</subfield>
   </datafield>
   <datafield tag="653" ind2=" " ind1=" ">
      <subfield code="a">Grado en Bellas Artes - Trabajos Fin de Grado</subfield>
   </datafield>
   <datafield tag="653" ind2=" " ind1=" ">
      <subfield code="a">Bellas Artes - Trabajos Fin de Grado</subfield>
   </datafield>
   <datafield tag="653" ind2=" " ind1=" ">
      <subfield code="a">Niños en el arte</subfield>
   </datafield>
   <datafield tag="653" ind2=" " ind1=" ">
      <subfield code="a">Instalaciones (Arte)</subfield>
   </datafield>
   <datafield ind2="0" ind1="0" tag="245">
      <subfield code="a">Testimonios</subfield>
   </datafield>
</record>
</metadata></record></GetRecord></OAI-PMH>